[Event "Czechia KP-chTA 0607"]
[Site "Czech Republic"]
[Date "2007.04.01"]
[Round "11.4"]
[White "Sefcik, Vaclav"]
[Black "Skacel, Tomas"]
[Result "1/2-1/2"]
[WhiteElo "1919"]
[BlackElo "1830"]
[PlyCount "63"]
[EventDate "2006.10.29"]
[EventType "team"]
[EventRounds "11"]
[EventCountry "CZE"]
[SourceTitle "EXT 2008"]
[Source "ChessBase"]
[SourceDate "2007.11.25"]
[SourceVersion "1"]
[SourceVersionDate "2007.11.25"]
[SourceQuality "1"]
[WhiteTeam "Zebrak"]
[BlackTeam "Pribram II"]
[WhiteTeamCountry "CZE"]
[BlackTeamCountry "CZE"]

1. e4 e5 2. d4 Nc6 3. d5 Nb8 4. Nf3 d6 5. c4 Be7 6. Be2 Nf6 7. Nc3 0-0 8. 0-0 Nbd7 9. b4 a5 10. Ba3 b6 11. Ne1 h6 12. Nd3 Ba6 13. b5 Bc8 14. Bc1 Nh7 15. Be3 Bg5 16. Qd2 Bxe3 17. Qxe3 Qg5 18. Qxg5 hxg5 19. Bg4 Nhf6 20. Be2 g6 21. f3 Kg7 22. h3 Nh5 23. g4 Ng3 24. Rf2 Nxe2+ 25. Nxe2 Rh8 26. Kg2 Bb7 27. Ng3 Rh4 28. Rh1 Rah8 29. Re2 Bc8 30. Ree1 Nf6 31. Nf2 Kf8 32. Rh2 1/2-1/2